000 00970nam a2200289 a 4500
001 000005409
005 20250717131055.0
008 090819s1983 es 001 0 spa d
020 _a8400054121
040 _aDO-SdBNP
082 _a220.6
_bM967p
100 1 _aMuñoz León, Domingo
_915356
245 1 0 _aPalabra y gloria :
_bexcursus en la Biblia y en la literatura intertestamentaria /
_cDomingo Muñoz León.
260 _aMadrid, :
_bConsejo Superior de Investigaciones Científicas,
_c1983.
300 _a605 p. ;
_c24 cm.
490 1 _aVerbum Gloriae
_vIV.
500 _aIncluye tabla de contenido
500 _aIncluye índice biblico y de persona
650 4 _aInterpretación de la biblia
_91107
650 4 _aBiblia
_xComentarios
_915357
650 4 _aEnseñanza biblica
_915358
650 0 _aEducación religiosa
_9682
650 0 _aTeología
_92174
650 4 _aLiteratura religiosa
_93200
830 0 _aVerbum Gloriae
_nIV.
_915359
049 _aBNPD
999 _c5209
_d5209